Loading...
| Religion | 0 | 6 | 0 | 1 | 60 | 96 | 111.67 | 0 | 3 | 7.25 | 25.06 |
| Mythology | 0 | 5 | 0 | 0 | 50 | 59 | 95.20 | 0 | 2 | 17.47 | 41.97 |
| Literature - European | 0 | 5 | 1 | 0 | 45 | 44 | 107.20 | 2 | 2 | 9.00 | 18.37 |
| Philosophy | 0 | 3 | 1 | 2 | 25 | 124 | 135.33 | 0 | 0 | 0.52 | 5.59 |
| History - European | 0 | 3 | 1 | 1 | 25 | 72 | 102.00 | 0 | 1 | 4.14 | 9.31 |
| Geography | 0 | 2 | 0 | 0 | 20 | 33 | 38.00 | 1 | 2 | 17.86 | 22.92 |
| History - World | 0 | 2 | 1 | 0 | 15 | 16 | 32.00 | 2 | 2 | 9.06 | 11.76 |
| Science - Other | 0 | 1 | 0 | 0 | 10 | 88 | 88.00 | 0 | 1 | 1.84 | 5.08 |
| Science - Biology | 0 | 1 | 0 | 0 | 10 | 127 | 127.00 | 0 | 0 | 0.09 | 1.47 |
| Literature - British | 0 | 1 | 1 | 0 | 5 | 89 | 89.00 | 0 | 1 | 2.00 | 5.39 |
| Other Academic | 0 | 1 | 1 | 0 | 5 | 75 | 75.00 | 0 | 0 | 5.76 | 10.42 |
| Fine Arts - Classical Music | 0 | 0 | 0 | 0 | 0 | 0.00 | 0 | 0 | 0.00 | 0.00 | |
| Current Events | 0 | 0 | 1 | 0 | -5 | 0.00 | 0 | 0 | 0.00 | 0.00 | |
| Fine Arts - Other | 0 | 0 | 1 | 0 | -5 | 0.00 | 0 | 0 | 0.00 | 0.00 | |
| History - Other | 0 | 1 | 3 | 0 | -5 | 89 | 89.00 | 0 | 0 | 1.73 | 4.09 |
| Social Science | 0 | 0 | 2 | 0 | -10 | 0.00 | 0 | 0 | 0.00 | 0.00 |